Statistics for Top 25 Nintendo Gamecube Games

Click here to take the quiz!

General Stats

  • This quiz has been taken 79 times
  • The average score is 8 of 25

Answer Stats

Answer% Correct
9Super Mario Sunshine
94%
3Super Smash Bros. Melee
81%
1Metroid Prime
75%
6Pikmin 2
62%
4The Legend of Zelda: The Wind Waker
62%
13Resident Evil
52%
2Resident Evil 4
52%
11Animal Crossing
44%
7F Zero GX
43%
16Paper Mario: The Thousand-Year Door
41%
15Metroid Prime 2 Echoes
29%
14Soulcalibur 2
25%
21Super Monkey Ball 2
24%
17Viewtiful Joe
22%
24Donkey Kong Jungle Beat
21%
5Eternal Darkness: Sanity's Requiem
21%
25Metal Gear Solid: Twin Snakes
16%
20Killer7
14%
18Star Wars Rogue Squadron II: Rogue Leader
13%
19Timesplitters 2
13%
12Beyond Good & Evil
11%
8Prince of Persia: The Sands of Time
8%
10Wave Race: Blue Storm
8%
22Battalion Wars
3%
23Baten Kaitos: Eternal Wings and the Lost Ocean
0%

Score Distribution

Percentile by Number Answered

Percent of People with Each Score

Your Score History

You have not taken this quiz